| 000 | 00373nam a22001337a 4500 | ||
|---|---|---|---|
| 082 |
_a620.11 _bFFO _cL-21, P-53 |
||
| 100 |
_aFeodosyev, V., _940779 |
||
| 245 |
_aStrength of Materials _cFeodosyev, V., |
||
| 260 |
_aMoscow _bMir Publishers _c1968 |
||
| 300 |
_a564 p. : _bill, ; _c20 cm. |
||
| 526 |
_a0 _b0 _c0 _d620_110000000000000_FEO |
||
| 650 |
_aMCE _9379 |
||
| 942 |
_2ddc _cBK |
||
| 999 |
_c545024 _d545024 |
||